000 00694nam a2200193 a 4500
001 000040473
005 20201002034144.0
008 130826s2002 mx 000 0 spa d
020 _a9683690432
040 _aDO-SdBNP
_bspa
_cBNPHU
100 1 _aCácere Nieto, Enrique
_966774
245 1 0 _aLenguaje y derecho :
_blas normas jurídicas como sistema de enunciados /
_cEnrique Cácere Nieto.
260 _aMéxico :
_bUniversidad Nacional Autónoma de México :,
_c2002.
_bCámara de Diputados.
300 _a79 p. ;
_c22 cm.
490 1 _aNuestros derechos
504 _aBibliografía : p. 79
710 2 _aUniversidad Nacional Autónoma de México
_942447
830 0 _aNuestros derechos
_966667
999 _c39963
_d39963